Climate change biology / (Registro nro. 7308)

Detalles MARC
000 -CABECERA
Campo de control 00811cam a2200241 a 4500
005 - FECHA Y HORA DE LA ULTIMA TRANSACCION
Campo de control 20150529020002.0
008 - ELEMENTOS DE LONGITUD FIJA—INFORMACION GENERAL
Campo de control 100513s2011 mauab b 001 0 eng
020 ## - ISBN
ISBN 9780123741820
020 ## - ISBN
ISBN 0123741823
040 ## - FUENTE DE CATALOGACIÓN
Agencia catalogadora original DLC
Agencia transcriptora DLC
Agencia Modificadora YDX
-- BTCTA
-- YDXCP
-- BWX
-- CDX
-- DLC
041 ## - IDIOMA
Código de idioma para texto/pista de sonido o título separado Inglés
082 00 - NUMERO DE CLASIFICACION DECIMAL DEWEY
Número de clasificación 577.2
Número del ítem L47c
100 1# - ASIENTO PRINCIPAL--NOMBRE PERSONAL
Nombre personal Hannah, Lee Jay.
245 10 - MENCION DE TITULO
Título Climate change biology /
Mención de responsabilidad Lee Hannah.
260 ## - PUBLICACION, DISTRIBUCION, ETC. (PIE DE IMPRENTA)
Lugar de publicación, distribución, etc. Burlington, MA :
Nombre del editor, distribuidor, etc. Academic Press,
Fecha de publicación, distribución, etc. c2011.
300 ## - DESCRIPCION FISICA
Extensión xi, 402 p. :
Otros detalles físicos ill. (some col.), maps (chiefly col.) ;
Dimensiones 24 cm.
504 ## - NOTA DE BIBLIOGRAFIA, ETC.
Nota de bibliografía Includes bibliographical references (p. 383-392) and index.
650 #0 - ASIENTO SECUNDARIO DE MATERIA - TERMINO TEMATICO
Término temático o nombre geográfico como elemento de entrada Climatic changes.
650 #0 - ASIENTO SECUNDARIO DE MATERIA - TERMINO TEMATICO
Término temático o nombre geográfico como elemento de entrada Natural resources.
650 #0 - ASIENTO SECUNDARIO DE MATERIA - TERMINO TEMATICO
Término temático o nombre geográfico como elemento de entrada Environmental impact analysis.
650 #0 - ASIENTO SECUNDARIO DE MATERIA - TERMINO TEMATICO
Término temático o nombre geográfico como elemento de entrada Protected areas.
942 ## - ELEMENTOS ADICIONALES (KOHA)
Sistema de clasificación Dewey Decimal Classification
Tipo de ítem Libro
Koha issues (borrowed), all copies 1
Existencias
Withdrawn status Lost status Sistema de Clasificación Damaged status No para préstamo Colección Inventariado Ubicación Permanente Ubicación actual Fecha de adquisición Fuente de Valor Valor Total Checkouts Total Renewals Número topográfico Inventario / Código de Barras Date last seen Date checked out Ejemplar Price effective from Forma de adquisición Tipo de material
    Dewey Decimal Classification     General Inventariado 2017 Sala Fabio Quevedo Sala Fabio Quevedo 14/06/2013 Instituto 39000.00 4 3 LB-577.2 L47c 028756 17/06/2015 28/05/2015 Ej. 1 14/06/2013 Compra Libro